| 000 | 01023nam a2200265 i 4500 | ||
|---|---|---|---|
| 001 | 114666 | ||
| 003 | ES-MaACL | ||
| 005 | 20250808072354.0 | ||
| 007 | t| | ||
| 008 | 070319s1973 fr |||| | fre d | ||
| 080 | _a944"17" | ||
| 100 | 1 |
_aBayle, Pierre. _926673 |
|
| 245 | 1 | 0 |
_aCe que c'est que la France toute catholique, sous le régne de Louis le Grand / _cPierre Bayle ; texte établi, présenté et annoté par Elisabeth Labrousse avec la collaboration d'Helene Himelfarb et Roger Zuber. |
| 260 |
_aParis : _bJ. Vrin, _c1973. |
||
| 300 |
_a140 p. ; _c19 cm. |
||
| 490 | 1 | _aBibliothèque des textes philosophiques | |
| 610 | 1 | 7 |
_aFrancia. _bEdicto de Nantes. _94160 |
| 651 | 4 |
_aFrancia- _xHistoria- _y1715-1792 _98702 |
|
| 700 | 1 |
_aLabrousse, Elisabeth. _969300 |
|
| 700 | 1 |
_aHimelfarb, Hélène. _963743 |
|
| 700 | 1 |
_aZuber, Roger. _9118391 |
|
| 830 | 0 |
_aBibliothèque des textes philosophiques _9182654 |
|
| 852 |
_aES-MaACL _jE-11635 _z. - Biblioteca Jacinto Martínez Lacalle |
||
| 999 |
_c114666 _d114666 |
||